Thermotropic liquid crystal polymer blends /
Guardado en:
| Otros Autores: | |
|---|---|
| Formato: | Libro |
| Idioma: | English |
| Publicado: |
Lancaster, Pa. :
Technomic Pub. Co.,
c1993.
|
| Materias: | |
| Acceso en línea: | Descripción |
| Etiquetas: |
Agregar Etiqueta
Sin Etiquetas, Sea el primero en etiquetar este registro!
|
| LEADER | 00813cam a22002175a 4500 | ||
|---|---|---|---|
| 001 | EIQ.libpla003695 | ||
| 008 | 930129s1993####paua#####b####000#0#eng#d | ||
| 005 | 20080303150457.0 | ||
| 245 | 0 | 0 | |a Thermotropic liquid crystal polymer blends / |c [edited by] Francesco Paolo La Mantia. |
| 260 | |a Lancaster, Pa. : |b Technomic Pub. Co., |c c1993. | ||
| 300 | |a x, 177 p. : |b il. ; |c 23 cm. | ||
| 504 | |a Incluye referencias bibliográficas. | ||
| 020 | |a 0877629609 | ||
| 700 | 1 | |a La Mantia, Francesco Paolo., |e ed. |4 edt | |
| 082 | 0 | 0 | |a 668.9 |2 20 |
| 650 | 4 | |a Polímeros |x Crístales líquidos. | |
| 650 | 4 | |a Polymer |x Liquid crystals. | |
| 010 | |a 92061560 | ||
| 040 | |a DLC |c DLC |d AR-BbSID | ||
| 856 | 4 | 2 | |3 Descripción |u http://www.loc.gov/catdir/enhancements/fy0744/92061560-d.html |
| 859 | |a AR-BbSID |b BIB. PLAPIQUI |h 547.84 |i T 273 |p 4174 | ||
